000201324 001__ 201324
000201324 005__ 20230317222330.0
000201324 0247_ $$2doi$$a10.1080/00107514.2013.825321
000201324 0247_ $$2ISSN$$a0010-7514
000201324 0247_ $$2ISSN$$a1366-5812
000201324 0247_ $$2altmetric$$aaltmetric:1909665
000201324 037__ $$aGSI-2017-00570
000201324 041__ $$aEnglish
000201324 082__ $$a530
000201324 1001_ $$0P:(DE-Ds200)OR1334$$aVogel, Manuel$$b0$$ugsi
000201324 245__ $$aOur Magnetic Earth: The Science of Geomagnetism, by Ronald T. Merrill
000201324 260__ $$aLondon [u.a.]$$bTaylor and Francis$$c2013
000201324 29510 $$aOur Magnetic Earth: The Science of Geomagnetism, by Ronald T. Merrill, Univ. Chicago Press, 2012
000201324 3367_ $$2DataCite$$aOutput Types/Book Review
000201324 3367_ $$0PUB:(DE-HGF)36$$2PUB:(DE-HGF)$$aReview$$breview$$mreview$$s1502797299_11241
000201324 3367_ $$2ORCID$$aBOOK_REVIEW
000201324 3367_ $$0PUB:(DE-HGF)3$$2PUB:(DE-HGF)$$aBook$$mbook
000201324 3367_ $$2DRIVER$$areview
000201324 3367_ $$0PUB:(DE-HGF)16$$2PUB:(DE-HGF)$$aJournal Article$$mjournal
000201324 3367_ $$2BibTeX$$aARTICLE
000201324 3367_ $$00$$2EndNote$$aJournal Article
000201324 536__ $$0G:(DE-HGF)POF3-899$$a899 - ohne Topic (POF3-899)$$cPOF3-899$$fPOF III$$x0
000201324 588__ $$aDataset connected to CrossRef
000201324 773__ $$0PERI:(DE-600)2001829-0$$a10.1080/00107514.2013.825321$$gVol. 54, no. 4, p. 216 - 217$$n4$$p216 - 217$$tContemporary physics$$v54$$x1366-5812$$y2013
000201324 909CO $$ooai:repository.gsi.de:201324$$pVDB
000201324 9101_ $$0I:(DE-Ds200)20121206GSI$$6P:(DE-Ds200)OR1334$$aGSI Helmholtzzentrum für Schwerionenforschung GmbH$$b0$$kGSI
000201324 9131_ $$0G:(DE-HGF)POF3-899$$1G:(DE-HGF)POF3-890$$2G:(DE-HGF)POF3-800$$3G:(DE-HGF)POF3$$4G:(DE-HGF)POF$$aDE-HGF$$bProgrammungebundene Forschung$$lohne Programm$$vohne Topic$$x0
000201324 9141_ $$y2013
000201324 915__ $$0StatID:(DE-HGF)0420$$2StatID$$aNationallizenz
000201324 915__ $$0StatID:(DE-HGF)0100$$2StatID$$aJCR$$bCONTEMP PHYS : 2015
000201324 915__ $$0StatID:(DE-HGF)0200$$2StatID$$aDBCoverage$$bSCOPUS
000201324 915__ $$0StatID:(DE-HGF)0300$$2StatID$$aDBCoverage$$bMedline
000201324 915__ $$0StatID:(DE-HGF)0600$$2StatID$$aDBCoverage$$bEbsco Academic Search
000201324 915__ $$0StatID:(DE-HGF)0030$$2StatID$$aPeer Review$$bASC
000201324 915__ $$0StatID:(DE-HGF)0199$$2StatID$$aDBCoverage$$bThomson Reuters Master Journal List
000201324 915__ $$0StatID:(DE-HGF)0110$$2StatID$$aWoS$$bScience Citation Index
000201324 915__ $$0StatID:(DE-HGF)0150$$2StatID$$aDBCoverage$$bWeb of Science Core Collection
000201324 915__ $$0StatID:(DE-HGF)0111$$2StatID$$aWoS$$bScience Citation Index Expanded
000201324 915__ $$0StatID:(DE-HGF)1150$$2StatID$$aDBCoverage$$bCurrent Contents - Physical, Chemical and Earth Sciences
000201324 920__ $$lyes
000201324 9201_ $$0I:(DE-Ds200)ATP-20051214OR020$$kATP$$lAtomphysik$$x0
000201324 9201_ $$0I:(DE-Ds200)HIJ-20110223OR115$$kHIJ$$lHI Jena$$x1
000201324 980__ $$areview
000201324 980__ $$aVDB
000201324 980__ $$abook
000201324 980__ $$ajournal
000201324 980__ $$aI:(DE-Ds200)20110830OR020
000201324 980__ $$aI:(DE-Ds200)ATP-20051214OR020
000201324 980__ $$aI:(DE-Ds200)20120319OR115
000201324 980__ $$aI:(DE-Ds200)HIJ-20110223OR115
000201324 980__ $$aUNRESTRICTED